Culture Générale - Série 2671 - Statistiques

Statistiques générales
  • Ce quiz a été pris 78 fois
  • Le résultat moyen est 4 sur 10
Statistiques - réponses
Question Réponse % Correct
Quelle est la Préfecture de la Haute-Savoie? Annecy
71%
Quelle est la Préfecture du Pas-de-Calais ? Arras
66%
Quelle est la capitale de la Sierra Leone ? Freetown
54%
Quel est l'autre nom du nombril ? ombilic
50%
Quand a été créé l'espace Schengen, relatif à la suppression graduelle des contrôles aux frontières communes ? 1985
43%
De quel minerai la Nouvelle-Calédonie est-elle le troisième producteur mondial derrière l'Indonésie et les Philippines ? nickel
31%
Qui est le fondateur de Médecins du monde ? prénom et nom Bernard Kouchner
27%
Sous quel nom connaissait-on mieux l'auteure-compositrice-interprète française Monique Serf (1930-1997) ? Barbara
26%
Quel chanteur français a été maire de la commune de Précy-sur-Marne (77) pendant 25 ans (de 1989 à 2014) ? prénom et nom Yves Duteil
23%
Comment appelle-ton l'infestation par des poux chez l'humain ? pédiculose
7%
Aucun quiz correspondant
Distribution des résultats
% des personnes avec chaque résultat
Percentile par nombre de réponses
Votre historique - résultats
Vous n’avez pas pris ce quiz